| 000 | 00665nam a2200217Ia 4500 | ||
|---|---|---|---|
| 008 | 191130s2009##################000#0#eng## | ||
| 020 | _a9780195370638 | ||
| 022 | _a2008009345 | ||
| 040 |
_aACL _cACL |
||
| 082 | _a230.09 CAM | ||
| 100 | _aCampbell, Ted | ||
| 245 |
_aThe Gospel in Christian traditions _cTed A. Campbell |
||
| 260 |
_aOxford _bOxford University Press _cc2009 |
||
| 300 | _axvi, 196 p. ; 24 cm | ||
| 500 | _aIncludes bibliographical references (p. [177]-190) and index | ||
| 650 | _aJesus Christ - History of doctrines | ||
| 650 | _aTheology, Doctrinal | ||
| 990 | _a6511c059ac10000c389959617cbf7c70 | ||
| 991 | _a93851 | ||
| 999 |
_c51140 _d51140 |
||